Constitución española : (Record no. 46934)

MARC details
000 -LEADER
campo de control de longitud fija 01186nam a2200277 i 4500
001 - NÚMERO DE CONTROL
campo de control 46934
003 - IDENTIFICADOR DE NÚMERO DE CONTROL
campo de control ES-MaACL
005 - FECHA Y HORA DE LA ÚLTIMA TRANSACCIÓN
campo de control 20250811055834.0
007 - CAMPO FIJO DE DESCRIPCIÓN FÍSICA--INFORMACIÓN GENERAL
campo de control de longitud fija t|
008 - DATOS DE LONGITUD FIJA--INFORMACIÓN GENERAL
campo de control de longitud fija 910124s1980 sp l |||| | spa d
020 ## - NÚMERO INTERNACIONAL ESTÁNDAR DEL LIBRO
Número Internacional Estándar del Libro 84-500-3562-7
080 ## - NÚMERO DE LA CLASIFICACIÓN DECIMAL UNIVERSAL
Número de la Clasificación Decimal Universal 342(460)"1978"
110 1# - ENTRADA PRINCIPAL--NOMBRE DE ENTIDAD CORPORATIVA
Nombre de entidad corporativa o nombre de jurisdicción como elemento de entrada España.
Unidad subordinada Cortes Generales.
9 (RLIN) 3668
245 10 - MENCIÓN DEL TÍTULO
Título Constitución española :
Resto del título trabajos parlamentarios /
Mención de responsabilidad, etc. [edición preparada por Fernando Sainz Moreno].
250 ## - MENCION DE EDICION
Mención de edición 4ª ed.
260 ## - PUBLICACIÓN, DISTRIBUCIÓN, ETC.
Lugar de publicación, distribución, etc. Madrid :
Nombre del editor, distribuidor, etc. Cortes Generales,
Fecha de publicación, distribución, etc. 1980.
300 ## - DESCRIPCIÓN FÍSICA
Extensión 4 v. (5165 p.) ;
Dimensiones 25 cm.
490 1# - MENCIÓN DE SERIE
Mención de serie Publicaciones de las Cortes Generales. Serie I. Trabajos parlamentarios ;
Designación de volumen o secuencia 1
594 ## - Nota al título y mención de responsabilidad
Nota al título y mención de responsabilidad Tomado de Boletín Oficial de las Cortes ; Diario de Sesiones del Congreso de los Diputados ; Diario de Sesiones del Senado, año 1978 ; Boletín Oficial del Estado, 29 de diciembre de 1978 (texto en castellano, catalán, gallego, vasco)
610 14 - PUNTO DE ACCESO ADICIONAL DE MATERIA--NOMBRE DE ENTIDAD CORPORATIVA
Nombre de entidad corporativa o nombre de jurisdicción como elemento de entrada España.
Título de la obra Constitución, 1978
9 (RLIN) 3657
700 1# - ENTRADA AGREGADA--NOMBRE PERSONAL
Nombre de persona Sainz Moreno, Fernando.
9 (RLIN) 101603
830 10 - PUNTO DE ACCESO ADICIONAL DE SERIE-TÍTULO UNIFORME
Título uniforme Publicaciones de las Cortes Generales.
Nombre de parte o sección de la obra Trabajos parlamentarios
Designación de volumen o secuencia 1
9 (RLIN) 230001
852 4# - LOCALIZACIÓN
Ubicación ES-MaACL
Número de control de estantería C-21820-23
942 ## - ELEMENTOS DE ENTRADA SECUNDARIOS (KOHA)
Fuente del sistema de clasificación o colocación Clasificación decimal universal
Holdings
Estatus retirado Estado de pérdida Estado de daño No para préstamo Biblioteca de origen Biblioteca actual Ubicación en estantería Fecha de adquisición Fuente de adquisición Total de préstamos Signatura topográfica completa Código de barras Visto por última vez Precio de reemplazo Tipo de ítem Koha
        Biblioteca del Ateneo de Madrid Biblioteca del Ateneo de Madrid Mesetón 17/01/2008     C-21820-23 1049361 23/02/2023 23/02/2023 Libro impreso